000 00635nam a2200229Ia 4500
003 OSt
005 20220918200920.0
006 a|||||r|||| 00| 0
007 ta
008 220917b |||||||| |||| 00| 0 eng d
024 _a90,817
037 _cTextual
040 _aARTS
_cARTS
_beng
041 _2eng
_aeng
082 _aU8:6RN:M9, D3 (906)
100 _aJohnson Harry
_995134
245 0 _aNile quest
_b A record of the exploration of the Nile and its basin
260 _aNA
_bNA
_c1903
650 _aGEOGRAPHY
942 _hU8:6RN:M9, D3 (906)
_cTEXL
_2CC
999 _c214477
_d214477